Logic for natural language analysia /
Saved in:
| Main Author: | |
|---|---|
| Format: | Thesis Book |
| Language: | English |
| Published: |
1982
|
| Subjects: | |
| Tags: |
Add Tag
No Tags, Be the first to tag this record!
|
| LEADER | 00887cam a2200289 a 4500 | ||
|---|---|---|---|
| 001 | u50385 | ||
| 003 | SIRSI | ||
| 008 | 870617s1982 stk v 00 1 eng | ||
| 015 | |a X860002651 | ||
| 035 | |a AAF-4208 | ||
| 040 | |a UMM | ||
| 050 | 1 | |a P98 | |
| 090 | |a P98 |b Per | ||
| 100 | 1 | 0 | |a Pereira, Fernando C. N. |
| 245 | 1 | 0 | |a Logic for natural language analysia / |c Fernando C.N. Pereira |
| 260 | |c 1982 | ||
| 300 | |a iii, 256 leaves | ||
| 500 | |a Photocopy. Boston Spa, British Library, 1985? 29cm | ||
| 502 | |a Thesis (Ph.D.) - University of Edinburgh, 1982 | ||
| 504 | 0 | 0 | |a Bibliography: leaves 187-194 |
| 650 | 0 | |a Language and logic | |
| 650 | 0 | |a Computational linguistics. | |
| 650 | 0 | |a Logic, Symbolic and mathematical. | |
| 650 | 0 | |a Generative grammar. | |
| 948 | |a 16/03/1991 |b 02/11/2001 | ||
| 596 | |a 1 | ||
| 999 | |a F P98 PER |w LC |c 1 |i A010080530 |l STACKS |m P01UTAMA |r Y |s Y |t TESIS |u 23/12/1991 | ||
